000 00741cam a2200193 a 4500
001 000006170
005 20200929151946.0
008 750609s1967 pr 000 0 spa
040 _aDO-SdBNP
_bspa
_cBNPHU
082 _aPR861.44
_bH557c
100 1 _aHernández Aquino, Luis.
_914674
245 1 0 _aCantos a Puerto Rico /
_cLuis Hernández Aquino.
260 _aSan Juan, Puerto Rico :
_bInstituto de Cultura Puertorriqueña,
_c1967.
300 _a218 p. ;
_c19 cm.
490 1 _aPublicación del Instituto de Cultura Puertorriqueña,
_aBiblioteca popular.
650 4 _aPoesía puertorriqueña
_91015
650 4 _aLiteratura puertorriqueña
_9250
830 0 _aPublicación del Instituto de Cultura Puertorriqueña
_pBiblioteca Popular.
_917304
999 _c5966
_d5966